Bundeskanzler der CDU - Sudden Death - Statistiken

Allgemein
  • Dieses Quiz wurde 389 mal gespielt
    27 seit der letzten Aktualisierung
  • Das Durchschnittsergebnis liegt bei 4 aus 6
Answers on the Grid
Answers color-coded by a green-red scale on the quiz's grid according to % correct below.

2025-02-23 Bundestagswahl – Wahlabend CDU by Sandro Halank–084.jpg

Angela Merkel 2019 cropped.jpg

Bundesarchiv Bild 146-1989-047-20, Walter Scheel.jpg

Bundesarchiv B 145 Bild-F029561-0008, Essen, CDU-Bundestagswahlkongress (cropped).jpg

Bundesarchiv B 145 Bild-F057884-0009, Willy Brandt.jpg

Bundesarchiv B 145 Bild-F074398-0021 Kohl (cropped).jpg

Bundesarchiv B 145 Bild-F078072-0004, Konrad Adenauer.jpg

Einde bezoek bondskanselier dr Ludwig Erhard en gaf persconferentie in het Haag, Bestanddeelnr 916-1325 (cropped).jpg

Helmut Schmidt (13.07.1977).jpg

Olaf Scholz 2024.jpg

Wahlkampffoto Schröder CL 2005 (cropped).jpg

 
Antwortstatistiken
Antwort % Korrekt

Angela Merkel 2019 cropped.jpg

90%

Bundesarchiv B 145 Bild-F078072-0004, Konrad Adenauer.jpg

76%

2025-02-23 Bundestagswahl – Wahlabend CDU by Sandro Halank–084.jpg

71%

Bundesarchiv B 145 Bild-F074398-0021 Kohl (cropped).jpg

71%

Einde bezoek bondskanselier dr Ludwig Erhard en gaf persconferentie in het Haag, Bestanddeelnr 916-1325 (cropped).jpg

57%

Bundesarchiv B 145 Bild-F029561-0008, Essen, CDU-Bundestagswahlkongress (cropped).jpg

57%
Keine übereinstimmenden Quizze gefunden
Verteilung der Resultate
Anzahl Personen mit jedem Resultat
Perzentil nach korrekt beantworteten Fragen
Ihre Resultats-Entwicklung
Sie haben dieses Quiz seit der letzten Aktualisierung nicht gespielt